000 00444nam a2200181Ia 4500
001 19934
005 20260306172729.0
008 260306t2013||||xx |||||||||||||| ||spa||
041 _aESP
082 _a341.4
_bV933
100 _aVega Reñón, Luis
_eAUT
245 0 _aCompendio de lógica, argumentacion y retórica
260 _c2013
300 _a708 páginas :
_c24 cm.
650 _aGEN
654 _aCDE
942 _cLIB
_dJUS
_fJUS
_2ddc
_n
999 _c19934
_d19934